00332 2200145 4500001002100000005001500021035002000036245004400056100001200100300001100112260001700123082000800140084001400148990002400162INLIS00000000000227420250527030240 a0010-05250005661 aRemaja Membangun Kepribadian /cAnna WS0 aAnna WS a79 hlm bNobel,c2008 a000 a000 ANN r a0713189 s/d 0713190